| 000 | 00535nam a22001817a 4500 | ||
|---|---|---|---|
| 003 | OSt | ||
| 005 | 20260303003345.0 | ||
| 008 | 260202b |||||||| |||| 00| 0 eng d | ||
| 020 | _a978-971-27-2365-0 | ||
| 040 |
_aDWCL-Main Lib _cOC |
||
| 082 | _aFil. 959.9057 C833 2010 | ||
| 245 | _aCory : sa aking pagkakilala | ||
| 260 |
_aPasig City : _bAnvil Publishing, _cc2010 |
||
| 300 |
_axx , 218 p. ; _c21 cm. |
||
| 650 | _aAquino, Corazon Cojuangco, 1933-2009. | ||
| 700 |
_aJUICO, MARGIE PENSON _eEditor |
||
| 942 |
_2ddc _cBK - FIL _mFil. _n0 |
||
| 999 |
_c8113 _d8113 |
||